Slim-profile double glazing (Record no. 112727)

MARC details
000 -LEADER
fixed length control field 01043cad a22002415a 4500
001 - CONTROL NUMBER
control field E153853
008 - FIXED-LENGTH DATA ELEMENTS--GENERAL INFORMATION
fixed length control field 110913s2010 xxk f 000 0 eng d
035 ## - SYSTEM CONTROL NUMBER
System control number (Sirsi) u153853
041 0# - LANGUAGE CODE
Language code of text/sound track or separate title eng
100 1# - MAIN ENTRY--PERSONAL NAME
Personal name Heath, Nicholas
245 00 - TITLE STATEMENT
Title Slim-profile double glazing
Remainder of title thermal performance and embodied energy
Medium [electronic resource]
260 ## - PUBLICATION, DISTRIBUTION, ETC.
Place of publication, distribution, etc. Edinburgh
Name of publisher, distributor, etc. Historic Scotland
Date of publication, distribution, etc. 2010
490 #0 - SERIES STATEMENT
Series statement Historic Scotland Technical Paper
Volume/sequential designation (9)
520 ## - SUMMARY, ETC.
Summary, etc. Presents the results of three research studies looking at the thermal performance and embodied energy of slim-profile double glazing.
590 ## - LOCAL NOTE (RLIN)
Local note KA
651 #4 - SUBJECT ADDED ENTRY--GEOGRAPHIC NAME
Geographic name Scotland
Chronological subdivision 1999-
690 ## - LOCAL SUBJECT ADDED ENTRY--TOPICAL TERM (OCLC, RLIN)
Topical term or geographic name as entry element BUILT ENVIRONMENT-BUILDING MAINTENANCE AND REFURBISHMENT-BUILDING CONSERVATION
690 ## - LOCAL SUBJECT ADDED ENTRY--TOPICAL TERM (OCLC, RLIN)
Topical term or geographic name as entry element ENVIRONMENTAL AND LAND CONSULTANCY-ENERGY-ENERGY USE-ENERGY EFFICIENCY
700 1# - ADDED ENTRY--PERSONAL NAME
Personal name Baker, Paul
700 1# - ADDED ENTRY--PERSONAL NAME
Personal name Menzies, Gillian
856 40 - ELECTRONIC LOCATION AND ACCESS
Uniform Resource Identifier <a href="https://www.historic-scotland.gov.uk/slim-profile_double_glazing_2010.pdf">https://www.historic-scotland.gov.uk/slim-profile_double_glazing_2010.pdf</a>
Public note View the paper free of charge at www.historic-scotland.gov.uk
942 ## - ADDED ENTRY ELEMENTS (KOHA)
Suppress in OPAC 0
Holdings
Withdrawn status Lost status Source of classification or shelving scheme Damaged status Not for loan Home library Current library Shelving location Date acquired Total Checkouts Full call number Barcode Date last seen Copy number Price effective from Koha item type
    Dewey Decimal Classification     Virtual Virtual Online 13/09/2011   ONLINE PUBLICATION 153853-1001 06/08/2019 1 06/08/2019 Book